000 00516nam a2200205Ia 4500
005 20230912095635.0
008 131103s9999 xx 000 0 und d
040 _aLoreto College
041 _aEnglish
082 _a232
_bSIN
100 _aSindonis, Cuttor
245 _aChrist's Portrait
_cCuttor Sindonis
260 _aGoa
_bDon Bosco
_c1958
300 _a118p
440 _aA Golden Rose Book
650 _aChristian religion
651 _aJesu Christ and his family
850 _aLCLIB
942 _cBK
999 _c24511
_d74990